header

Valve surgery at the turn of the millenium (Record no. 103561)

MARC details
000 -LEADER
fixed length control field 01256nam a22003134a 4500
082 04 - DEWEY DECIMAL CLASSIFICATION NUMBER
Classification number 617.4/12
245 00 - TITLE STATEMENT
Title Valve surgery at the turn of the millenium
260 ## - PUBLICATION, DISTRIBUTION, ETC. (IMPRINT)
Place of publication Boston :
Name of publisher Kluwer Academic,
Year of publication c2004.
300 ## - PHYSICAL DESCRIPTION
Number of Pages xi, 209 p. :
Other physical details ill.
490 1# - SERIES STATEMENT
Series statement Developments in cardiovascular medicine ;
650 #0 - SUBJECT ADDED ENTRY--TOPICAL TERM
Topical Term Heart valves
700 1# - ADDED ENTRY--PERSONAL NAME
Personal name Peels, C. H.
Personal name Baur, L. H. B.
856 40 - ELECTRONIC LOCATION AND ACCESS
Uniform Resource Identifier http://site.ebrary.com/lib/rucke/Doc?id=10115220

No items available.

© 2026 Rongo University
Contact us: librarian | system librarian | Rongo university